Statistics for Ginny and Georgia quiz

Click here to take the quiz!

General Stats

  • This quiz has been taken 150 times
  • The average score is 8 of 15

Answer Stats

HintAnswer% Correct
Who is Ginny's cringy first official boyfriend?Hunter
91%
Ginny's mothers name is...?Georgia
90%
Ginny's brothers name is...?Austin
87%
What does Ginny's friend group call themselves AFTER her arrival?MANG
77%
Ginny's a cheater, but with who?Marcus
73%
Which one of Ginny's friend slaps her?Abby
65%
Georgia's ex-husband's name is...?Kenny
59%
Nasty, red haired mother?Cynthia
46%
And who's the mayor?Paul Randolph
46%
Who was Ginny's racist English teacher?Mr Gitten
41%
What town is it set in?Wellsbury
40%
And her devil child..?Zach
30%
And what deadly plant kills him?Wolfsbane
27%
Motherhood. Doing laundry. unscented tide for __________ ____.Sensitive skin
15%
What does said mother accuse Georgia of doing at work?Embezzlement
14%

Score Distribution

Percentile by Number Answered

Percent of People with Each Score

Your Score History

You have not taken this quiz